[Event "Sydney International Challengers"]
[Site "Parramatta, NSW"]
[Date "2010.04.10"]
[Round "8.21"]
[White "Willathgamuwa, Kevin"]
[Black "Nakauchi, Ray"]
[Result "1-0"]
[WhiteElo "602"]
[BlackElo "541"]
[PlyCount "111"]
[EventDate "2010.04.07"]
[EventType "swiss"]
[EventRounds "9"]
[EventCountry "AUS"]
[SourceDate "2010.04.07"]

1. e4 e5 2. Nf3 d6 3. d4 Nd7 4. Bc4 Be7 5. O-O h6 6. Nc3 Ngf6 7. h3 O-O 8. dxe5
dxe5 9. Re1 a6 10. Qe2 b6 11. Be3 Bb7 12. Bd2 Bb4 13. Rad1 Bxc3 14. Bxc3 Bxe4
15. Bxe5 Qe8 16. Bg3 Bxf3 17. Qxf3 Qc8 18. Bd5 Rb8 19. Bc6 a5 20. Qd3 Re8 21.
Rxe8+ Qxe8 22. Bxd7 Nxd7 23. Qxd7 Qxd7 24. Rxd7 Re8 25. Rxc7 Re1+ 26. Kh2 Rb1
27. b3 Ra1 28. a4 g5 29. Rc6 Rc1 30. Bc7 f5 31. Bxb6 f4 32. Bxa5 Rf1 33. Bb6
Kg7 34. a5 h5 35. a6 g4 36. a7 Ra1 37. Rc8 g3+ 38. fxg3 fxg3+ 39. Kxg3 Ra6 40.
a8=Q Rxa8 41. Rxa8 Kf6 42. Bd4+ Kf5 43. b4 Ke4 44. Bc3 Kd5 45. Be1 Kc6 46. Ra5
Kb6 47. Bf2+ Kc6 48. b5+ Kb7 49. Ra7+ Kc8 50. b6 Kd8 51. Kh4 Kc8 52. Bg3 Kd8
53. Rg7 Ke8 54. b7 Kf8 55. Be5 Ke8 56. b8=Q# 1-0

[Event "Sydney International Challengers"]
[Site "Parramatta, NSW"]
[Date "2010.04.10"]
[Round "8.22"]
[White "Koh, Clarise"]
[Black "Mithran, Mishael"]
[Result "1-0"]
[WhiteElo "1298"]
[BlackElo "667"]
[PlyCount "63"]
[EventDate "2010.04.07"]
[EventType "swiss"]
[EventRounds "9"]
[EventCountry "AUS"]
[SourceDate "2010.04.07"]

1. e4 e5 2. Nf3 d6 3. Bc4 Bg4 4. h3 Bh5 5. Nc3 Nf6 6. d3 Be7 7. g4 Bg6 8. Nh4
Nc6 9. Nxg6 hxg6 10. Be3 Qd7 11. Qf3 O-O-O 12. Bxf7 Rdf8 13. Bxg6 Nxg4 14. Bf5
Kd8 15. Qxg4 Qe8 16. Nd5 Rh4 17. Qxg7 Rg8 18. Qf6 Bxf6 19. Nxf6 Qf7 20. Nxg8
Qxg8 21. O-O-O Nd4 22. Kb1 Nf3 23. Bg4 Ng5 24. Rdg1 Nh7 25. Bf5 Qf7 26. Bg6 Qf8
27. Bf5 Nf6 28. Bg5 Rh5 29. Bxf6+ Ke8 30. Bg6+ Kd7 31. Bxh5 Qxf6 32. Bg4+ 1-0

[Event "Sydney International Challengers"]
[Site "Parramatta, NSW"]
[Date "2010.04.10"]
[Round "8.23"]
[White "Willathgamuwa, Rowan"]
[Black "Jones, Peter"]
[Result "0-1"]
[WhiteElo "424"]
[BlackElo "1834"]
[PlyCount "94"]
[EventDate "2010.04.07"]
[EventType "swiss"]
[EventRounds "9"]
[EventCountry "AUS"]
[SourceDate "2010.04.07"]

1. e4 e5 2. Nf3 Nc6 3. d4 f6 4. d5 Nb4 5. a3 Na6 6. Nc3 Nc5 7. b4 Na6 8. Bxa6
bxa6 9. O-O d6 10. Re1 Bb7 11. Qd3 Qd7 12. b5 axb5 13. Rb1 a6 14. a4 c6 15.
dxc6 Bxc6 16. axb5 axb5 17. Nxb5 Rb8 18. Nc3 Rxb1 19. Nxb1 d5 20. c4 dxe4 21.
Qxd7+ Kxd7 22. Nfd2 Bb4 23. Re2 f5 24. Bb2 Ke6 25. f4 Bc5+ 26. Kh1 Nh6 27. Bxe5
Rd8 28. Bxg7 Ng4 29. h3 Nf2+ 30. Kh2 e3 31. Be5 Rg8 32. g3 exd2 33. Nxd2 Ne4
34. Nxe4 fxe4 35. g4 e3 36. Bc7 Rg7 37. f5+ Kf6 38. Ba5 Rd7 39. Bc3+ Kg5 40.
Re1 Bd6+ 41. Kg1 Bc5 42. Kf1 Bd4 43. Bxd4 Rxd4 44. Rxe3 Rxc4 45. Re7 Rc1+ 46.
Kf2 Rc2+ 47. Kg3 Rg2# 0-1

[Event "Sydney International Challengers"]
[Site "Parramatta, NSW"]
[Date "2010.04.10"]
[Round "8.24"]
[White "Accola, Tom"]
[Black "Christian, Kashish"]
[Result "0-1"]
[WhiteElo "839"]
[BlackElo "654"]
[PlyCount "120"]
[EventDate "2010.04.07"]
[EventType "swiss"]
[EventRounds "9"]
[EventCountry "AUS"]
[SourceDate "2010.04.07"]

1. d4 Nf6 2. Nf3 g6 3. e3 Bg7 4. Bd3 Nc6 5. a3 d6 6. O-O O-O 7. c4 e5 8. dxe5
dxe5 9. Nc3 Bg4 10. e4 Nd4 11. Be2 Be6 12. Nxe5 Nxe2+ 13. Qxe2 Re8 14. Bg5 h6
15. Bh4 Qd4 16. Nf3 Qxc4 17. Qxc4 Bxc4 18. Rfe1 g5 19. Bg3 c6 20. Rad1 Rad8 21.
Rxd8 Rxd8 22. h3 Nh5 23. Bc7 Rd3 24. Be5 Bxe5 25. Nxe5 Rd4 26. Nxc4 Rxc4 27. e5
Nf4 28. Ne4 Nd3 29. Nd6 Rc2 30. Rb1 Nxe5 31. Nxb7 Nd3 32. Rd1 Nxf2 33. Rd8+ Kg7
34. Ra8 Rxb2 35. Na5 c5 36. Rxa7 Ne4 37. Re7 Rb5 38. Rxe4 Rxa5 39. a4 Kf6 40.
g4 Kg6 41. Kf2 h5 42. Kf3 Kf6 43. Ke3 h4 44. Kf3 Ra6 45. Rc4 Rc6 46. Ke4 Ke6
47. a5 f6 48. Ra4 Ra6 49. Kd3 Kd5 50. Kc3 c4 51. Rxc4 Rxa5 52. Rd4+ Ke5 53. Rd8
Ra3+ 54. Kb4 Rxh3 55. Re8+ Kf4 56. Rf8 Kxg4 57. Rxf6 Rf3 58. Rg6 h3 59. Rc6 Kg3
60. Rc1 h2 0-1

[Event "Sydney International Challengers"]
[Site "Parramatta, NSW"]
[Date "2010.04.11"]
[Round "9.1"]
[White "Stahnke, Alexander"]
[Black "Weller, Tony"]
[Result "1-0"]
[WhiteElo "1800"]
[BlackElo "1708"]
[PlyCount "203"]
[EventDate "2010.04.07"]
[EventType "swiss"]
[EventRounds "9"]
[EventCountry "AUS"]
[SourceDate "2010.04.07"]

1. d4 d5 2. c4 e6 3. Nc3 Nf6 4. e3 c5 5. cxd5 Nxd5 6. Bd3 cxd4 7. exd4 Bb4 8.
Nge2 O-O 9. O-O Nc6 10. a3 Be7 11. Qc2 h6 12. Nxd5 Qxd5 13. Be3 Bd7 14. Be4 Qa5
15. Rfd1 Rac8 16. b4 Qa6 17. Bd3 b5 18. Nc3 Nb8 19. Qb2 Qb7 20. Rac1 Bc6 21. f3
Nd7 22. a4 bxa4 23. Rb1 Rb8 24. b5 a3 25. bxc6 Qxb2 26. Rxb2 axb2 27. cxd7 Rb3
28. Nb1 a5 29. Kf2 a4 30. Bc4 Rb4 31. Ba2 Rd8 32. d5 Rxd7 33. Bd2 Rd4 34. dxe6
Rd8 35. exf7+ Kf8 36. Ke2 Rc8 37. Bc3 Rxd1 38. Kxd1 Rb8 39. Kc2 a3 40. f4 Rb6
41. g4 Bd6 42. h3 Rb7 43. f5 Re7 44. Bxg7+ Kxg7 45. f6+ Kg6 46. fxe7 Bxe7 47.
Nd2 h5 48. gxh5+ Kxh5 49. Nf3 Kg6 50. Ne5+ Kg7 51. Nd7 Bd6 52. h4 Be7 53. h5
Bd6 54. h6+ Kxh6 55. f8=Q+ Bxf8 56. Nxf8 Kg7 57. Ne6+ Kf6 58. Nd4 Ke5 59. Nb5
Ke4 60. Nxa3 Kd4 61. Kxb2 Kd3 62. Nc2 Ke4 63. Kc3 Ke5 64. Nd4 Ke4 65. Bc4 Ke3
66. Bd5 Kf4 67. Kd3 Ke5 68. Be4 Kf4 69. Nf3 Kg4 70. Ke3 Kh5 71. Kf4 Kh6 72. Kg4
Kg7 73. Nd4 Kf6 74. Kf4 Kg7 75. Bf5 Kf6 76. Nc6 Kf7 77. Kg5 Kg7 78. Ne5 Kf8 79.
Kf6 Kg8 80. Bg6 Kh8 81. Nf7+ Kg8 82. Bf5 Kf8 83. Bh7 Ke8 84. Ne5 Kd8 85. Be4
Kc7 86. Nc4 Kd8 87. Bd5 Ke8 88. Ne5 Kf8 89. Ng6+ Ke8 90. Ke6 Kd8 91. Kd6 Ke8
92. Bb3 Kd8 93. Bc4 Ke8 94. Bd5 Kd8 95. Bc6 Kc8 96. Nf4 Kd8 97. Ne6+ Kc8 98.
Kc5 Kb8 99. Kb6 Kc8 100. Be8 Kb8 101. Bd7 Ka8 102. Nc5 1-0

[Event "Sydney International Challengers"]
[Site "Parramatta, NSW"]
[Date "2010.04.11"]
[Round "9.2"]
[White "Eustace, Sophie"]
[Black "Pan, Andrew"]
[Result "0-1"]
[WhiteElo "1451"]
[BlackElo "1741"]
[PlyCount "76"]
[EventDate "2010.04.07"]
[EventType "swiss"]
[EventRounds "9"]
[EventCountry "AUS"]
[SourceDate "2010.04.07"]

1. e4 c6 2. d4 d5 3. Nc3 dxe4 4. Nxe4 Nd7 5. Nf3 Ngf6 6. Nxf6+ Nxf6 7. h3 Bf5
8. Bd3 Bxd3 9. Qxd3 e6 10. Bf4 Be7 11. O-O O-O 12. c3 Qb6 13. Qc2 Rfd8 14. Rfd1
Rac8 15. Rac1 c5 16. dxc5 Qxc5 17. Qe2 Qf5 18. Bh2 Nd5 19. Qe5 Qg6 20. Qe2 Bd6
21. Bxd6 Rxd6 22. Qe5 Rcd8 23. Qh2 Qf6 24. Qe5 Qxe5 25. Nxe5 Nf4 26. Rxd6 Rxd6
27. Kf1 f6 28. Nf3 Kf7 29. h4 Rd3 30. c4 e5 31. Ne1 Rd2 32. Rc2 Rd1 33. g3 Ne6
34. f3 Nd4 35. Rf2 Ke6 36. f4 e4 37. b3 Kf5 38. Rb2 e3 0-1

[Event "Sydney International Challengers"]
[Site "Parramatta, NSW"]
[Date "2010.04.11"]
[Round "9.3"]
[White "Bortsova, Natasha"]
[Black "Fernandez, Michael"]
[Result "1/2-1/2"]
[WhiteElo "1247"]
[BlackElo "1358"]
[PlyCount "86"]
[EventDate "2010.04.07"]
[EventType "swiss"]
[EventRounds "9"]
[EventCountry "AUS"]
[SourceDate "2010.04.07"]

1. d4 g6 2. c4 Bg7 3. Nc3 Nf6 4. e4 d6 5. Nf3 O-O 6. Be2 e5 7. d5 Ne8 8. O-O f5
9. Bg5 Bf6 10. Bh6 Rf7 11. Bd2 Na6 12. Ne1 Nc5 13. f3 a5 14. Nd3 Nxd3 15. Bxd3
c6 16. Qc2 Bg5 17. Bxg5 Qxg5 18. dxc6 bxc6 19. Rae1 Ng7 20. Qa4 Bb7 21. c5 Qd2
22. Bc2 Re7 23. Re2 Qd4+ 24. Qxd4 exd4 25. cxd6 Ree8 26. d7 Red8 27. exf5 gxf5
28. Re7 dxc3 29. bxc3 a4 30. Rfe1 Kf8 31. g4 fxg4 32. fxg4 Ra5 33. Bxh7 Rd5 34.
Bf5 Ba6 35. h4 Bd3 36. Bxd3 Rxd3 37. h5 R3xd7 38. R7e4 Kf7 39. h6 Ne8 40. g5
Rd5 41. g6+ Kxg6 42. Rxe8 Rxe8 43. Rxe8 Kxh6 1/2-1/2

[Event "Sydney International Challengers"]
[Site "Parramatta, NSW"]
[Date "2010.04.11"]
[Round "9.4"]
[White "Chau, Adrian"]
[Black "Webster, David"]
[Result "0-1"]
[WhiteElo "1665"]
[BlackElo "1812"]
[PlyCount "106"]
[EventDate "2010.04.07"]
[EventType "swiss"]
[EventRounds "9"]
[EventCountry "AUS"]
[SourceDate "2010.04.07"]

1. e4 c5 2. Nf3 Nc6 3. d4 cxd4 4. Nxd4 e5 5. Nb5 a6 6. Nd6+ Bxd6 7. Qxd6 Qf6 8.
Qd3 Nge7 9. Be3 d5 10. exd5 Nb4 11. Qd2 Nbxd5 12. Bg5 Qg6 13. Na3 f6 14. c4
Qxg5 15. Qxg5 fxg5 16. cxd5 Nxd5 17. Bc4 Nf6 18. O-O Bf5 19. Rac1 Rc8 20. Rfe1
e4 21. Rcd1 Rd8 22. Nc2 Rxd1 23. Rxd1 Ke7 24. Nd4 Bg4 25. f3 exf3 26. gxf3 Bd7
27. Kf2 Rc8 28. Bb3 Rc5 29. Re1+ Kd6 30. Rd1 Kc7 31. Be6 Re5 32. Bb3 g4 33. Bc2
gxf3 34. Nxf3 Rc5 35. Nd4 Bg4 36. Rd2 Re5 37. Rd3 Rd5 38. Kg3 Bd7 39. a3 Rg5+
40. Kf3 Rh5 41. Kg2 Rg5+ 42. Kf3 h6 43. b4 Ng4 44. Rd2 Rh5 45. Kg3 Ne3 46. Bd3
Rh3+ 47. Kf4 Ng4 48. Rc2+ Kb8 49. Nf3 g5+ 50. Ke4 Bc6+ 51. Rxc6 bxc6 52. Bf1
Rxf3 53. Kxf3 Nxh2+ 0-1

[Event "Sydney International Challengers"]
[Site "Parramatta, NSW"]
[Date "2010.04.11"]
[Round "9.5"]
[White "Wan, Dennis"]
[Black "Ali, Mosaddeque"]
[Result "0-1"]
[WhiteElo "1537"]
[BlackElo "1690"]
[PlyCount "63"]
[EventDate "2010.04.07"]
[EventType "swiss"]
[EventRounds "9"]
[EventCountry "AUS"]
[SourceDate "2010.04.07"]

1. d4 f5 2. Nc3 Nf6 3. Bg5 d5 4. Bxf6 exf6 5. a3 Be6 6. e3 c6 7. Qd2 Bd6 8.
Nge2 Nd7 9. Nf4 Bf7 10. Bd3 g6 11. h4 h5 12. O-O-O b5 13. Na2 a5 14. g4 fxg4
15. Bxg6 Nb6 16. Bxf7+ Kxf7 17. Qd3 Rh6 18. f3 gxf3 19. Rhg1 Nc4 20. Rg7+ Kxg7
21. Ne6+ Kf7 22. Nxd8+ Rxd8 23. b3 Bxa3+ 24. Kb1 Nb2 25. Qf1 Nxd1 26. Qxd1 Rg8
27. Qxf3 Rg1+ 28. Nc1 Rxc1+ 29. Ka2 Rxc2+ 30. Kb1 Rb2+ 31. Ka1 Rg6 32. Qxh5 0-1

[Event "Sydney International Challengers"]
[Site "Parramatta, NSW"]
[Date "2010.04.11"]
[Round "9.6"]
[White "Plant, John Stuart"]
[Black "Dickson, Ian"]
[Result "0-1"]
[WhiteElo "1700"]
[BlackElo "1537"]
[PlyCount "39"]
[EventDate "2010.04.07"]
[EventType "swiss"]
[EventRounds "9"]
[EventCountry "AUS"]
[SourceDate "2010.04.07"]

1. e4 c5 2. Nf3 d6 3. d3 Nc6 4. c3 Nf6 5. h3 g6 6. Be2 Bg7 7. Na3 O-O 8. Be3 b6
9. Qd2 Ba6 10. O-O Qc7 11. c4 Rfe8 12. Nc2 b5 13. cxb5 Bxb5 14. a4 Ba6 15. Rac1
Qa5 16. Qxa5 Nxa5 17. b4 cxb4 18. Nxb4 Bc8 19. Rc7 Bd7 20. Bxa7 0-1

[Event "Sydney International Challengers"]
[Site "Parramatta, NSW"]
[Date "2010.04.11"]
[Round "9.7"]
[White "Koh, Cedric"]
[Black "Wan, Kinto"]
[Result "0-1"]
[WhiteElo "1537"]
[BlackElo "1690"]
[PlyCount "100"]
[EventDate "2010.04.07"]
[EventType "swiss"]
[EventRounds "9"]
[EventCountry "AUS"]
[SourceDate "2010.04.07"]

1. e4 g6 2. d4 d6 3. Nc3 Bg7 4. g3 Nf6 5. Bg2 O-O 6. Nge2 e5 7. O-O Nc6 8. h3
exd4 9. Nxd4 Nxd4 10. Qxd4 Bd7 11. Bg5 h6 12. Be3 Bc6 13. Qd2 Kh7 14. Bd4 Qd7
15. Rad1 Rae8 16. Rfe1 Re6 17. f4 Rd8 18. Qf2 Ne8 19. Bxg7 Nxg7 20. Qxa7 b6 21.
Qa3 Qe8 22. Qb4 Nh5 23. Kh2 Nf6 24. Nd5 Rc8 25. Nxf6+ Rxf6 26. Qc3 Re6 27. e5
Bxg2 28. Kxg2 dxe5 29. Rxe5 c5 30. Rxe6 Qxe6 31. Qe5 Qxa2 32. Qe7 Qa8+ 33. Kh2
Kg8 34. Rd7 Rf8 35. Rb7 Qa5 36. Qd7 Qb4 37. b3 Qe4 38. Rxb6 Qe2+ 39. Kg1 Qe1+
40. Kg2 Qe4+ 41. Kf2 Qxc2+ 42. Kf3 h5 43. Qe7 Qd1+ 44. Qe2 Qd4 45. Qe3 Qa1 46.
Qe2 Rd8 47. Kf2 Qc3 48. Qe1 Rd2+ 49. Kg1 Qd4+ 50. Kf1 Rd1 0-1

[Event "Sydney International Challengers"]
[Site "Parramatta, NSW"]
[Date "2010.04.11"]
[Round "9.8"]
[White "Anderson Smith, William T"]
[Black "Canfell, Mike J"]
[Result "1-0"]
[WhiteElo "1560"]
[BlackElo "1587"]
[PlyCount "63"]
[EventDate "2010.04.07"]
[EventType "swiss"]
[EventRounds "9"]
[EventCountry "AUS"]
[SourceDate "2010.04.07"]

1. d4 Nf6 2. c4 g6 3. Nc3 Bg7 4. e4 d6 5. Nf3 O-O 6. Be2 e5 7. d5 Na6 8. Bg5 h6
9. Bh4 g5 10. Bg3 Nxe4 11. Nxe4 f5 12. Nfd2 fxe4 13. Nxe4 b6 14. O-O Nc5 15.
Nxc5 bxc5 16. Bd3 Bf5 17. Qc2 Bxd3 18. Qxd3 Qf6 19. Rab1 h5 20. f3 Qf5 21. Qxf5
Rxf5 22. h3 Raf8 23. Kf2 e4 24. Ke2 exf3+ 25. Rxf3 Rxf3 26. gxf3 Re8+ 27. Kd2
Kf7 28. b3 Kg6 29. Re1 Rxe1 30. Bxe1 Kf5 31. Ke2 Bf6 32. Ba5 1-0

[Event "Sydney International Challengers"]
[Site "Parramatta, NSW"]
[Date "2010.04.11"]
[Round "9.9"]
[White "Chau, Bernard"]
[Black "Chen, Vincent"]
[Result "1-0"]
[WhiteElo "1517"]
[BlackElo "1439"]
[PlyCount "31"]
[EventDate "2010.04.07"]
[EventType "swiss"]
[EventRounds "9"]
[EventCountry "AUS"]
[SourceDate "2010.04.07"]

1. d4 d5 2. c4 e5 3. dxe5 d4 4. a3 Nc6 5. Nf3 Bg4 6. Nbd2 Bxf3 7. Nxf3 Nge7 8.
e3 dxe3 9. Bxe3 Ng6 10. Qa4 Qe7 11. O-O-O Ngxe5 12. Qb5 g6 13. Nxe5 Qxe5 14.
Qxb7 Bxa3 15. Qxc6+ Kf8 16. Bh6+ 1-0

[Event "Sydney International Challengers"]
[Site "Parramatta, NSW"]
[Date "2010.04.11"]
[Round "9.10"]
[White "Reynolds, Paul"]
[Black "Beahan, Patrick"]
[Result "1-0"]
[WhiteElo "1443"]
[BlackElo "1301"]
[PlyCount "61"]
[EventDate "2010.04.07"]
[EventType "swiss"]
[EventRounds "9"]
[EventCountry "AUS"]
[SourceDate "2010.04.07"]

1. d4 Nf6 2. Nf3 c5 3. d5 d6 4. c4 b5 5. b3 bxc4 6. bxc4 g6 7. Nc3 Bg7 8. Rb1
O-O 9. e4 Ba6 10. Bd3 Qa5 11. Bd2 Nbd7 12. O-O Ng4 13. Nb5 Qd8 14. h3 Nge5 15.
Nxe5 Nxe5 16. Be2 Bc8 17. f4 Nd7 18. Bc3 f6 19. h4 a6 20. Na3 Rb8 21. Rxb8 Nxb8
22. h5 Qc7 23. hxg6 hxg6 24. f5 Bh6 25. fxg6 Be3+ 26. Kh1 Kg7 27. Nc2 Rh8+ 28.
Bh5 Bg5 29. Ne1 Qd7 30. Rf5 Qe8 31. Rxg5 1-0

[Event "Sydney International Challengers"]
[Site "Parramatta, NSW"]
[Date "2010.04.11"]
[Round "9.11"]
[White "Dale, Ari"]
[Black "Behar, Joshua"]
[Result "1-0"]
[WhiteElo "1388"]
[BlackElo "1423"]
[PlyCount "67"]
[EventDate "2010.04.07"]
[EventType "swiss"]
[EventRounds "9"]
[EventCountry "AUS"]
[SourceDate "2010.04.07"]

1. d4 d5 2. c4 dxc4 3. e3 Nf6 4. Bxc4 Bf5 5. Qb3 e6 6. Qxb7 Be4 7. Qb5+ Bc6 8.
Qg5 h6 9. Qg3 Ne4 10. Qe5 Nd7 11. Qa5 Rb8 12. a3 Nb6 13. Bb5 Qd7 14. Bxc6 Qxc6
15. Ne2 Nc4 16. Qh5 Rb5 17. Qf3 Rf5 18. d5 Qxd5 19. Nf4 Qa5+ 20. Nc3 Nxc3 21.
Qc6+ Kd8 22. Qxc4 Nd5+ 23. Bd2 Qb6 24. O-O Qxb2 25. Ba5 Qe5 26. Rab1 Bd6 27.
Rb8+ Ke7 28. Rxh8 Nxf4 29. exf4 Rxf4 30. Qc3 Qh5 31. Bxc7 Rd4 32. Bxd6+ Rxd6
33. Rc8 Rd1 34. Qc5+ 1-0

[Event "Sydney International Challengers"]
[Site "Parramatta, NSW"]
[Date "2010.04.11"]
[Round "9.12"]
[White "Roche, Stephen"]
[Black "Chibnall, Alana"]
[Result "0-1"]
[WhiteElo "1168"]
[BlackElo "1513"]
[PlyCount "72"]
[EventDate "2010.04.07"]
[EventType "swiss"]
[EventRounds "9"]
[EventCountry "AUS"]
[SourceDate "2010.04.07"]

1. e4 e5 2. Nf3 Nc6 3. Bb5 a6 4. Ba4 Nf6 5. O-O Be7 6. Re1 b5 7. Bb3 O-O 8. c3
d5 9. exd5 Nxd5 10. d3 Be6 11. Nbd2 Bd6 12. Ne4 h6 13. d4 exd4 14. Nxd4 Nxd4
15. cxd4 c6 16. Bd2 Bb8 17. Qc2 Qc7 18. g3 Ba7 19. Bxd5 Bxd5 20. Qd1 Rfe8 21.
Qg4 Kh8 22. Bf4 Qe7 23. Be5 f6 24. Bd6 Qd8 25. Bc5 Bxc5 26. dxc5 Qe7 27. f3
Bxe4 28. fxe4 Qxc5+ 29. Kh1 Qe5 30. Qg6 Qxb2 31. Rad1 Rad8 32. Rc1 Re6 33. Qf7
Rd2 34. Qh5 Rxe4 35. Rg1 Ree2 36. Rgd1 Rxh2+ 0-1

[Event "Sydney International Challengers"]
[Site "Parramatta, NSW"]
[Date "2010.04.11"]
[Round "9.13"]
[White "Mithran, Mirakla"]
[Black "Bleicher, Horst"]
[Result "1-0"]
[WhiteElo "1239"]
[BlackElo "1442"]
[PlyCount "117"]
[EventDate "2010.04.07"]
[EventType "swiss"]
[EventRounds "9"]
[EventCountry "AUS"]
[SourceDate "2010.04.07"]

1. e4 e5 2. Nf3 Nc6 3. d4 exd4 4. Bc4 Nf6 5. e5 d5 6. Bb5 Qe7 7. O-O Ne4 8.
Nxd4 Qc5 9. f3 Bd7 10. Bxc6 Bxc6 11. fxe4 dxe4 12. Kh1 O-O-O 13. c3 Qxe5 14.
Bf4 Qd5 15. Qg4+ Bd7 16. Qg3 Qc5 17. Nd2 f5 18. N2b3 Qb6 19. a4 g5 20. Qxg5 Bd6
21. a5 Qa6 22. Bxd6 Qxd6 23. Nxf5 Bxf5 24. Qxf5+ Kb8 25. Qxe4 Rde8 26. Qd4 Qg6
27. a6 Rhg8 28. Rg1 Re2 29. axb7 Qb6 30. Qxb6 cxb6 31. Rab1 Kxb7 32. Nd4 Rd2
33. h3 a6 34. g4 Rf8 35. Rg2 Rd3 36. Kh2 Re8 37. Rf1 Re7 38. Rf3 Rd1 39. Rgf2
Ree1 40. Kg3 Kc7 41. Kh4 Kd6 42. Rf6+ Kd5 43. b3 Re3 44. R2f5+ Ke4 45. Re6+ Kd3
46. Rxe3+ Kxe3 47. Rf3+ Ke4 48. Rg3 Rd2 49. g5 Rf2 50. Rg4+ Ke5 51. Kh5 Rf7 52.
Kh6 b5 53. h4 Rc7 54. Ne2 a5 55. h5 Re7 56. g6 hxg6 57. hxg6 Re6 58. Kh7 Kf5
59. Nd4+ 1-0

[Event "Sydney International Challengers"]
[Site "Parramatta, NSW"]
[Date "2010.04.11"]
[Round "9.14"]
[White "Simmonds, Leteisha"]
[Black "Ross, Bill"]
[Result "0-1"]
[WhiteElo "1424"]
[BlackElo "1345"]
[PlyCount "97"]
[EventDate "2010.04.07"]
[EventType "swiss"]
[EventRounds "9"]
[EventCountry "AUS"]
[SourceDate "2010.04.07"]

1. e4 c5 2. Nf3 Nc6 3. c3 Nf6 4. Bd3 e6 5. Bc2 d5 6. exd5 exd5 7. d4 b6 8. h3
Be7 9. O-O O-O 10. Bf4 h6 11. Ne5 Nxe5 12. Bxe5 c4 13. Nd2 Bd6 14. Nf3 Bxe5 15.
Nxe5 Qd6 16. Re1 Nd7 17. Qf3 Nxe5 18. Rxe5 Be6 19. Bf5 Rae8 20. Rae1 Qd7 21.
Bxe6 Rxe6 {Black offered a draw.} 22. Rxe6 fxe6 23. Qe2 Rf6 24. Qc2 b5 25. a3
a5 26. Re3 a4 27. Qe2 Qf7 28. g3 Kf8 29. Kg2 Kg8 30. Rf3 Rxf3 31. Qxf3 Qxf3+
32. Kxf3 Kf7 33. Kf4 Kf6 34. h4 g5+ 35. hxg5+ hxg5+ 36. Kg4 e5 37. dxe5+ Kxe5
38. Kxg5 d4 39. f4+ Ke6 40. f5+ Kf7 41. cxd4 b4 42. d5 bxa3 43. d6 axb2 44. d7
Ke7 45. f6+ Kxd7 46. f7 Ke7 47. Kg6 Kf8 48. g4 b1=Q+ 49. Kf6 0-1

[Event "Sydney International Challengers"]
[Site "Parramatta, NSW"]
[Date "2010.04.11"]
[Round "9.15"]
[White "Zhou, Thomas"]
[Black "Hannagan, Peter"]
[Result "1-0"]
[WhiteElo "1271"]
[BlackElo "1401"]
[PlyCount "101"]
[EventDate "2010.04.07"]
[EventType "swiss"]
[EventRounds "9"]
[EventCountry "AUS"]
[SourceDate "2010.04.07"]

1. d4 d5 2. c4 Bf5 3. Nc3 e6 4. Nf3 Bb4 5. Qa4+ Nc6 6. Bd2 Bxc3 7. Bxc3 Qd7 8.
e3 Nf6 9. cxd5 Nxd5 10. Bb5 f6 11. Bxc6 bxc6 12. O-O O-O 13. Rac1 Nb6 14. Qd1
Bg4 15. e4 e5 16. dxe5 Qxd1 17. Rfxd1 f5 18. exf5 Bxf3 19. gxf3 Rxf5 20. Rd3
Raf8 21. Bb4 Rxf3 22. Rxf3 Rxf3 23. Rxc6 Nd5 24. Ba5 Rf7 25. Rc5 Nb6 26. e6 Re7
27. Bxb6 axb6 28. Rc6 g6 29. a4 Kg7 30. b4 Kf6 31. a5 bxa5 32. bxa5 Re8 33. e7+
Kxe7 34. Rxc7+ Kf6 35. a6 Ra8 36. a7 h5 37. Rc6+ Kf5 38. Rc5+ Kg4 39. Rc4+ Kf5
40. Ra4 g5 41. Kg2 h4 42. h3 Kf6 43. Ra5 Kg6 44. f4 gxf4 45. Kf3 Kf6 46. Kxf4
Ke6 47. Kg5 Kd7 48. Kxh4 Kc7 49. Kg5 Kb7 50. Kf6 Rf8+ 51. Kg7 1-0

[Event "Sydney International Challengers"]
[Site "Parramatta, NSW"]
[Date "2010.04.11"]
[Round "9.16"]
[White "Tracey, Michael"]
[Black "Greenwood, Norman"]
[Result "1-0"]
[WhiteElo "1370"]
[BlackElo "1355"]
[PlyCount "79"]
[EventDate "2010.04.07"]
[EventType "swiss"]
[EventRounds "9"]
[EventCountry "AUS"]
[SourceDate "2010.04.07"]

1. c4 c6 2. Nc3 g6 3. Nf3 Bg7 4. d4 d6 5. e4 Bg4 6. Be3 e6 7. Be2 Ne7 8. h3
Bxf3 9. Bxf3 Nd7 10. Qd2 Nb6 11. Be2 O-O 12. Bh6 Re8 13. Bxg7 Kxg7 14. h4 f5
15. h5 Rh8 16. O-O-O Qc7 17. Kb1 Rag8 18. d5 cxd5 19. cxd5 e5 20. f4 exf4 21.
Qxf4 fxe4 22. Qxe4 Re8 23. Qd4+ Kg8 24. Bg4 Nf5 25. Bxf5 gxf5 26. Rd3 Qg7 27.
Qf4 Re5 28. Rg3 Qxg3 29. Qxg3+ Kf8 30. Qd3 Rg8 31. g3 Kf7 32. Rf1 Rg5 33. Ne4
Rxh5 34. Nxd6+ Kf6 35. g4 Rg5 36. Ne4+ Kg6 37. Nxg5 Rxd5 38. Qe3 fxg4 39. Nf7
h5 40. Qh6# 1-0

[Event "Sydney International Challengers"]
[Site "Parramatta, NSW"]
[Date "2010.04.11"]
[Round "9.17"]
[White "Damaschino, Lou"]
[Black "Willathgamuwa, Kevin"]
[Result "1-0"]
[WhiteElo "1410"]
[BlackElo "602"]
[PlyCount "57"]
[EventDate "2010.04.07"]
[EventType "swiss"]
[EventRounds "9"]
[EventCountry "AUS"]
[SourceDate "2010.04.07"]

1. e4 c5 2. Nf3 Nc6 3. d4 cxd4 4. Nxd4 Nf6 5. Nc3 e5 6. Nb3 Bb4 7. f3 O-O 8.
Bd2 Bxc3 9. Bxc3 Qc7 10. Be2 Rd8 11. O-O d5 12. Qe1 dxe4 13. Rd1 Be6 14. Qh4
exf3 15. Bxf3 Rac8 16. Rde1 Nd5 17. Be4 h6 18. Bd2 Qe7 19. Qg3 Kh8 20. Bd3 Ndb4
21. Be4 Bxb3 22. Bxh6 gxh6 23. Qxb3 Rf8 24. Qh3 Qg5 25. a3 Na6 26. Rxf7 Rcd8
27. Rh7+ Kg8 28. Qe6+ Rf7 29. Qxf7# 1-0

[Event "Sydney International Challengers"]
[Site "Parramatta, NSW"]
[Date "2010.04.11"]
[Round "9.18"]
[White "Lin, Mark"]
[Black "Koh, Clarise"]
[Result "0-1"]
[WhiteElo "775"]
[BlackElo "1298"]
[PlyCount "74"]
[EventDate "2010.04.07"]
[EventType "swiss"]
[EventRounds "9"]
[EventCountry "AUS"]
[SourceDate "2010.04.07"]

1. e4 c5 2. Nf3 a6 3. d4 cxd4 4. Nxd4 e5 5. Nb3 Nf6 6. Nc3 Bb4 7. Bd2 Nc6 8. f3
O-O 9. a3 Bxc3 10. Bxc3 d5 11. exd5 Nxd5 12. Bd2 Be6 13. Nc5 Qb6 14. Nxe6 fxe6
15. b3 e4 16. Qe2 Qd4 17. Rb1 e3 18. Bc1 Nc3 19. Bb2 Nxe2 20. Bxd4 Nexd4 21.
Bd3 Ne5 22. Be4 Rab8 23. O-O Ne2+ 24. Kh1 Nc3 25. Rbc1 Nxe4 26. fxe4 e2 27. Rg1
Rf2 28. h3 Rbf8 29. Rce1 Nc6 30. Kh2 Nd4 31. Kg3 Rf1 32. Rgxf1 Rxf1 33. Rxe2
Nxe2+ 34. Kg4 Rf4+ 35. Kg5 h6+ 36. Kg6 Rxe4 37. g4 Nf4# 0-1

[Event "Sydney International Challengers"]
[Site "Parramatta, NSW"]
[Date "2010.04.11"]
[Round "9.21"]
[White "Weltner, Michael"]
[Black "Nakauchi, Kenji"]
[Result "1-0"]
[WhiteElo "1303"]
[BlackElo "1262"]
[PlyCount "62"]
[EventDate "2010.04.07"]
[EventType "swiss"]
[EventRounds "9"]
[EventCountry "AUS"]
[SourceDate "2010.04.07"]

1. c4 d6 2. Nc3 e6 3. g3 g6 4. Bg2 Bg7 5. e3 Ne7 6. Nge2 O-O 7. O-O Nd7 8. d4
h6 9. b3 Rb8 10. Bb2 b6 11. Qc2 Bb7 12. e4 f5 13. d5 e5 14. exf5 Rxf5 15. Bh3
Rf8 16. Ne4 g5 17. Bc1 Nf6 18. Be6+ Kh8 19. N2c3 Qe8 20. Bxg5 hxg5 21. Nxg5 Qg6
22. Nce4 Nxe4 23. Nxe4 Bc8 24. Bxc8 Rbxc8 25. Qe2 Nf5 26. h4 Nxh4 27. Kh2 Nf3+
28. Kg2 Kg8 29. Rh1 Nd4 30. Qd3 Rf3 31. Nf6+ Rxf6 1-0